Determinants of Foreign Direct Investment Inflows: A Case of the Visegrad Countries
Identifikácia determinantov prílevu priamych zahraničných investícií do krajín Vyšehrádskej skupiny pomocou údajov od roku 1989 do roku 2016.
Salvato in:
| Autore principale: | |
|---|---|
| Altri autori: | , , |
| Natura: | Capitolo di libro |
| Lingua: | inglese |
| Soggetti: | |
| Tags: |
Nessun Tag, puoi essere il primo ad aggiungerne!!
|
MARC
| LEADER | 00000nla a2200000 4500 | ||
|---|---|---|---|
| 001 | 0247733 | ||
| 005 | 20241025084222.6 | ||
| 041 | 0 | |a eng | |
| 044 | |a PL | ||
| 245 | 1 | 0 | |a Determinants of Foreign Direct Investment Inflows: A Case of the Visegrad Countries |c Aneta Bobenič Hintošová, Michaela Bruothová, Zuzana Kubíková, Rastislav Ručinský |
| 520 | |a Identifikácia determinantov prílevu priamych zahraničných investícií do krajín Vyšehrádskej skupiny pomocou údajov od roku 1989 do roku 2016. | ||
| 610 | 2 | 0 | |a investície priame zahraničné |
| 610 | 2 | 0 | |a Vyšehradská štvorka |
| 610 | 2 | 0 | |a stratégia investičná |
| 610 | 2 | 0 | |a produkt domáci hrubý |
| 610 | 2 | 0 | |a analýza regresná |
| 100 | 1 | |a Bobenič Hintošová, Aneta, 1979- | |
| 700 | 1 | |a Bruothová, Michaela, 1979- | |
| 700 | 1 | |a Kubíková, Zuzana | |
| 700 | 1 | |a Ručinský, Rastislav | |